|
|
|
|
| LEADER |
00000nam a2200000 a 4500 |
| 001 |
vtls008302159 |
| 003 |
SK-MaSNL |
| 005 |
20260301044404.0 |
| 008 |
240315s2004 xo f 000 0 slo |
| 020 |
|
|
|q (brož.)
|
| 035 |
|
|
|a 1F5C8B9C-E024-4613-A61A-3D7CE11ED4FC
|
| 035 |
|
|
|a urn:nbn:sk:snk-am3h6rs
|
| 035 |
|
|
|a urn:nbn:sk:snk-am00cql9
|
| 040 |
|
|
|a SNK
|b slo
|c SNK
|e AACR2
|
| 041 |
0 |
|
|a slo
|
| 044 |
|
|
|a xo
|c SK
|
| 072 |
|
7 |
|a 323
|x Vnútropolitický vývoj, politický život
|2 konspekt
|
| 080 |
|
|
|a 323
|2 2001
|
| 080 |
|
|
|a 316.422
|2 2001
|
| 080 |
|
|
|a 316.72/.75
|2 2001
|
| 080 |
|
|
|a (437.6)
|2 2001
|
| 080 |
|
|
|a (0:82-4)
|2 2001
|
| 100 |
1 |
|
|a Cabadaj, Stanislav
|4 aut
|9 350727
|
| 245 |
1 |
0 |
|a Čo potrebuje Slovensko a zároveň aj celý svet, čo potrebujeme my všetci
|c Stanislav Cabadaj
|
| 250 |
|
|
|a [1. vyd.]
|
| 260 |
|
|
|a Bratislava
|b Eko-konzult
|c 2004
|
| 300 |
|
|
|a 130 s.
|c 30 cm
|
| 500 |
|
|
|a Voľné listy v prebale
|
| 648 |
|
7 |
|a 20. stor.
|2 SNKPH
|9 275975
|
| 650 |
0 |
7 |
|a kultúra a spoločnosť
|2 SNKPH
|9 4083
|
| 650 |
0 |
7 |
|a globalizácia
|2 SNKPH
|9 3615
|
| 651 |
|
7 |
|a Slovensko
|x spoločnosť a politika
|2 SNKPH
|9 304494
|
| 655 |
|
7 |
|a úvahy
|2 SNKPH
|9 29403
|
| 958 |
|
|
|a OND
|
| 999 |
|
|
|c 595915
|d 597845
|
| 952 |
|
|
|a SNK
|b SNK
|y VYP
|7 0
|p 17A0567588
|o snkSB 71114 D1
|i snk2007/24929
|8 0
|0 0
|1 0
|4 0
|d 2007-11-15
|l 0
|r 2016-06-30 00:00:00
|w 2026-02-23
|
| 952 |
|
|
|a SNK
|b SNK
|y PREZ
|7 0
|p 17A0474371
|o snkSB 71114
|i snk2005/16796
|8 1
|0 0
|1 0
|4 0
|d 2005-10-11
|f 1
|l 0
|r 2025-04-23 00:00:00
|w 2026-02-23
|